000 01044nas a2200337 4500
001 BR2015002728
003 BR-BrBNA
005 20231205125316.0
007 ta
008 230509b bl.|||p| |||| 00| 00por d
040 _aBR-BrBNA
_bpor
_cBiblioteca Nacional de Agricultura
041 _a(En)
072 _aL74; L70
100 1 _aMorales, A.
100 1 _aCosta, P.F. da
100 1 _aConceição, L.F. da
100 1 _aAndrade, A.L. de
100 1 _aPádua, I.R.M.
100 1 _aMarinho, F.A.
100 1 _aBrito, F.L. da C.
100 1 _aLaus, J.L.
245 1 _aCapsular tension ring alone and associated with acrylic foldable intraocular lens in posterior capsular opacification after phacoemulsification in dogs
650 _aCÃO
650 _aOLHO
650 _aVETERINÁRIA
650 _aCATARATA
650 _aDISTÚRBIO FISIOLÓGICO
773 0 _tCiência Rural (Brazil)
_xISSN 0103-8478
_g(Mar 2015), v. 45(3) p. 540-545
_wBR2015002728
909 _a202311
_bLúcia
_c55
_dLúcia Elande
942 _2AGRIS
_n0
_cANA
999 _c243724
_d243724